00364nam a22001337a 4500003000400000008004100004020001800045082001300063100002300076245005700099260004100156300001400197650001900211OSt240702b |||||||| |||| 00| 0 eng d a9780143424871 a658bPAF aPARMESWWARAN, Ambi aFor God's Sake: an adman on the business of religion aIndia:bPenguin Random House,c2014. axiv,257p. aGeneral Books